The Michael Jordan Quiz - Statistics

General Stats
  • This quiz has been taken 941 times
  • The average score is 5 of 9
Answer Stats
Hint Answer % Correct
What teams did Michael Jordan play for #1 Bulls
99%
What teams did Michael Jordan play for #2 Wizards
97%
What is Michael Jordan's nickname #2 Air Jordan
82%
What college did Michael Jordan go to North Carolina
78%
What pick was Michael Jordan drafted 3rd
49%
Where is Michael Jordan placed on the top 100 NBA players by ESPN 1st
45%
What state was Michael Jordan born in New York
39%
What is Michael Jordan's nickname #1 His Airness
33%
What city was Michael Jordan born in New York City
15%
No matching quizzes found
Score Distribution
Percent of People with Each Score
Percentile by Number Answered
Your Score History
You have not taken this quiz